[Event "Medellin Flores op 30th"]
[Site "Medellin"]
[Date "2023.08.04"]
[Round "3"]
[White "Ortiz Lopera, Miguel Angel"]
[Black "Paniagua, Fabio de Jesus"]
[Result "1-0"]
[WhiteElo "1962"]
[BlackElo "1580"]
[PlyCount "75"]
[EventDate "2023.08.03"]
[EventType "swiss"]
[EventRounds "9"]
[EventCountry "COL"]
[SourceTitle "EXT 2024"]
[Source "ChessBase"]
[SourceDate "2023.10.10"]
[SourceVersion "1"]
[SourceVersionDate "2023.10.10"]
[SourceQuality "1"]

1. e4 c6 2. d4 d5 3. exd5 cxd5 4. Bd3 Nc6 5. c3 Nf6 6. h3 e6 7. Nf3 Be7 8. 0-0 0-0 9. Bf4 Qb6 10. Qc2 Bd7 11. Ne5 Rfd8 12. Nd2 Be8 13. Ndf3 Rac8 14. Nxc6 bxc6 15. b4 h6 16. Ne5 Bf8 17. Bd2 a5 18. a3 axb4 19. axb4 Ra8 20. Ra2 Rxa2 21. Qxa2 Nd7 22. f4 f6 23. Nxd7 Bxd7 24. Kh1 Bd6 25. Be3 Qc7 26. Qa5 Qb8 27. Ra1 e5 28. fxe5 fxe5 29. dxe5 Bxe5 30. Ba7 Qa8 31. Bd4 Qxa5 32. bxa5 Bd6 33. Bb6 Ra8 34. c4 Kf7 35. c5 Be5 36. Rf1+ Ke7 37. a6 Bc8 38. Re1 1-0

[Event "Sabaneta op-B 2nd"]
[Site "Sabaneta Antioquia"]
[Date "2023.06.28"]
[Round "1"]
[White "Munoz Castillo, Samary Andrea"]
[Black "Ortiz Lopera, Miguel Angel"]
[Result "0-1"]
[WhiteElo "1364"]
[BlackElo "1774"]
[PlyCount "88"]
[EventDate "2023.06.28"]
[EventType "swiss"]
[EventRounds "9"]
[EventCountry "COL"]
[SourceTitle "EXT 2024"]
[Source "ChessBase"]
[SourceDate "2023.10.10"]
[SourceVersion "1"]
[SourceVersionDate "2023.10.10"]
[SourceQuality "1"]

1. e4 e5 2. Nf3 Nc6 3. Bc4 Bc5 4. Nc3 Nf6 5. d3 h6 6. Be3 Bb6 7. 0-0 d6 8. h3 Be6 9. Bb3 d5 10. exd5 Nxd5 11. d4 Nxe3 12. fxe3 Bxb3 13. axb3 exd4 14. exd4 Nxd4 15. Re1+ Ne6+ 16. Kh1 0-0 17. Nd5 Bc5 18. Ne5 c6 19. Nc3 Qc7 20. Qh5 Bd4 21. Rad1 Rae8 22. Rd3 Nf4 23. Qh4 Bxe5 24. Rde3 Ng6 25. Qg4 Bxc3 26. Rxe8 Bxe1 27. Rxe1 Qf4 28. Qh5 Qf2 29. Rg1 Re8 30. Qd1 Re2 31. Qd8+ Kh7 32. Qd1 Nf4 33. Qf1 Nxh3 34. Qxf2 Nxf2+ 35. Kh2 Rxc2 36. Ra1 Rxb2 37. Rf1 Kg6 38. Kg1 Ng4 39. Rf3 Rb1+ 40. Rf1 Rxb3 41. Rd1 a5 42. Rd6+ f6 43. Rd4 Rb1+ 44. Rd1 Rxd1# 0-1

[Event "Medellin Antioquia-ch"]
[Site "Medellin"]
[Date "2023.04.26"]
[Round "6"]
[White "Valencia, Yovani Esneyder"]
[Black "Ortiz Lopera, Miguel Angel"]
[Result "0-1"]
[WhiteElo "1615"]
[BlackElo "1865"]
[PlyCount "124"]
[EventDate "2023.04.18"]
[EventType "swiss"]
[EventRounds "7"]
[EventCountry "COL"]
[SourceTitle "EXT 2024"]
[Source "ChessBase"]
[SourceDate "2023.10.10"]
[SourceVersion "1"]
[SourceVersionDate "2023.10.10"]
[SourceQuality "1"]

1. d4 Nf6 2. Bf4 e6 3. e3 c5 4. Nf3 Nc6 5. c3 d5 6. Nbd2 Bd6 7. Bg3 0-0 8. Bd3 Re8 9. Ne5 cxd4 10. exd4 Qc7 11. f4 Bxe5 12. fxe5 Nd7 13. h4 f6 14. Bxh7+ Kf8 15. Qh5 Ne7 16. Bd3 f5 17. Nf3 Nf6 18. Qh8+ Neg8 19. Ng5 Ng4 20. Nh7+ Kf7 21. Ng5+ Kf8 22. 0-0 g6 23. Nh7+ Kf7 24. Nf6 N8xf6 25. exf6 Rxh8 26. Bxc7 Rxh4 27. Rf3 Bd7 28. Rh3 Rxh3 29. gxh3 Nxf6 30. Be5 Bc6 31. b4 a6 32. a4 g5 33. Kg2 Ne4 34. Bxe4 dxe4 35. Kg3 Bd5 36. h4 gxh4+ 37. Kxh4 Rc8 38. Rc1 e3 39. Kg3 Rg8+ 40. Kf4 e2 41. Ke3 Rg2 42. Kd2 Bf3 43. c4 Kg6 44. b5 axb5 45. axb5 Kg5 46. c5 f4 47. c6 bxc6 48. bxc6 Kf5 49. c7 Bb7 50. c8Q Bxc8 51. Rxc8 Ke4 52. Rf8 Rf2 53. Ke1 Ke3 54. Bxf4+ Rxf4 55. Rxf4 Kxf4 56. Kxe2 Ke4 57. Kd2 Kxd4 58. Ke2 Ke4 59. Kf2 Kd3 60. Ke1 e5 61. Kd1 e4 62. Ke1 Ke3 0-1

[Event "Medellin Antioquia-ch"]
[Site "Medellin"]
[Date "2023.04.19"]
[Round "2"]
[White "Ortiz Lopera, Miguel Angel"]
[Black "Restrepo, Hugo"]
[Result "0-1"]
[WhiteElo "1865"]
[BlackElo "1578"]
[PlyCount "29"]
[EventDate "2023.04.18"]
[EventType "swiss"]
[EventRounds "7"]
[EventCountry "COL"]
[SourceTitle "EXT 2024"]
[Source "ChessBase"]
[SourceDate "2023.10.10"]
[SourceVersion "1"]
[SourceVersionDate "2023.10.10"]
[SourceQuality "1"]

1. e4 c5 2. Nf3 e6 3. d4 cxd4 4. Nxd4 Nc6 5. Nc3 Qc7 6. Be3 a6 7. a3 Nf6 8. Be2 Be7 9. 0-0 0-0 10. f4 d6 11. Qe1 Bd7 12. Rd1 Na5 13. Qg3 Nc4 14. Bxc4 Qxc4 15. e5 0-1

[Event "Medellin Easter op 11th"]
[Site "Medellin"]
[Date "2023.04.06"]
[Round "2"]
[White "Ortiz Lopera, Miguel Angel"]
[Black "Valencia Izasa, Victor Manuel"]
[Result "1-0"]
[WhiteElo "1865"]
[BlackElo "1523"]
[PlyCount "69"]
[EventDate "2023.04.05"]
[EventType "swiss"]
[EventRounds "7"]
[EventCountry "COL"]
[SourceTitle "CBM 213 Extra"]
[Source "ChessBase"]
[SourceDate "2023.05.31"]
[SourceVersion "1"]
[SourceVersionDate "2023.05.31"]
[SourceQuality "1"]

1. e4 e6 2. d4 d5 3. Nc3 Nf6 4. e5 Nfd7 5. f4 c5 6. Nf3 Nc6 7. Be3 cxd4 8. Nxd4 Bb4 9. a3 Ba5 10. Qh5 Nxd4 11. Bxd4 Bb6 12. Nb5 0-0 13. Bd3 g6 14. Qf3 Bxd4 15. Nxd4 Nc5 16. b4 Nxd3+ 17. Qxd3 Bd7 18. h4 Qc7 19. c3 Rac8 20. Kd2 Qc4 21. Qe3 f6 22. exf6 Rxf6 23. h5 Rcf8 24. g3 Qa6 25. Rh2 Qd6 26. Nf3 Be8 27. hxg6 Bxg6 28. Ne5 a6 29. Qd4 Bf5 30. Rh4 Bg6 31. Ng4 Kg7 32. Re1 Bf5 33. Nxf6 Rxf6 34. g4 Bg6 35. g5 1-0

[Event "Medellin Easter op 11th"]
[Site "Medellin"]
[Date "2023.04.05"]
[Round "1"]
[White "Vasco Alvarez, Diego Alejandro"]
[Black "Ortiz Lopera, Miguel Angel"]
[Result "0-1"]
[WhiteElo "1600"]
[BlackElo "1865"]
[PlyCount "70"]
[EventDate "2023.04.05"]
[EventType "swiss"]
[EventRounds "7"]
[EventCountry "COL"]
[SourceTitle "CBM 213 Extra"]
[Source "ChessBase"]
[SourceDate "2023.05.31"]
[SourceVersion "1"]
[SourceVersionDate "2023.05.31"]
[SourceQuality "1"]

1. d4 Nf6 2. c4 e6 3. Nf3 Bb4+ 4. Nc3 Ne4 5. Qc2 f5 6. Nd2 Bxc3 7. bxc3 Nf6 8. e4 d6 9. Bd3 Qd7 10. e5 dxe5 11. dxe5 Ng8 12. f4 Ne7 13. 0-0 b6 14. Be2 Bb7 15. Bf3 Bxf3 16. Nxf3 c5 17. Be3 0-0 18. Rfd1 Qc8 19. Rd6 Nbc6 20. Ng5 Nd8 21. a4 h6 22. Nf3 Nb7 23. Rdd1 Nc6 24. Qe2 Nba5 25. Rd6 Nb7 26. Rd2 Nca5 27. Rad1 Qc6 28. Ng5 hxg5 29. fxg5 g6 30. Rd7 Rad8 31. Re7 Rxd1+ 32. Qxd1 Rd8 33. Qe1 Re8 34. Rxe8+ Qxe8 35. Qh4 Qxa4 0-1

[Event "Medellin Raza Cup"]
[Site "Medellin"]
[Date "2022.10.21"]
[Round "6"]
[White "Ortiz Lopera, Miguel Angel"]
[Black "Luna Monsalve, Sofia"]
[Result "1-0"]
[WhiteElo "1827"]
[BlackElo "1415"]
[PlyCount "79"]
[EventDate "2022.10.19"]
[EventType "swiss"]
[EventRounds "10"]
[EventCountry "COL"]
[SourceTitle "EXT 2024"]
[Source "ChessBase"]
[SourceDate "2023.10.10"]
[SourceVersion "1"]
[SourceVersionDate "2023.10.10"]
[SourceQuality "1"]

1. e4 e5 2. Nf3 Nc6 3. Bc4 Bc5 4. c3 Nf6 5. d3 d6 6. Nbd2 a6 7. Bb3 Ba7 8. 0-0 Be6 9. Bc2 d5 10. exd5 Nxd5 11. Nc4 f6 12. Re1 0-0 13. Bb3 Qd7 14. Ne3 Nf4 15. Nf5 Bxb3 16. Qxb3+ Kh8 17. Bxf4 Qxf5 18. Qxb7 Na5 19. Qd5 Qxf4 20. Qxa5 Bb6 21. Qd5 Rfd8 22. Qe4 Qxe4 23. dxe4 Rab8 24. Rad1 Ba7 25. b3 h6 26. Nh4 c5 27. c4 a5 28. Ng6+ Kh7 29. Ne7 Rxd1 30. Rxd1 Rb7 31. Nc6 Bb6 32. Kf1 Rc7 33. Rd6 Kg8 34. Nxe5 fxe5 35. Rxb6 Ra7 36. a4 Kf7 37. Rb5 Ke6 38. Rxc5 Rb7 39. Rb5 Rxb5 40. cxb5 1-0

[Event "Medellin Feria de las Flores op"]
[Site "Medellin"]
[Date "2022.08.04"]
[Round "2"]
[White "Lopez Gonzalez, Carlos Andres"]
[Black "Ortiz Lopera, Miguel Angel"]
[Result "1-0"]
[WhiteElo "1988"]
[BlackElo "1812"]
[PlyCount "85"]
[EventDate "2022.08.03"]
[EventType "swiss"]
[EventRounds "9"]
[EventCountry "COL"]
[SourceTitle "CBM 209 Extra"]
[Source "ChessBase"]
[SourceDate "2022.09.30"]
[SourceVersion "1"]
[SourceVersionDate "2022.09.30"]
[SourceQuality "1"]

1. e4 e5 2. Nf3 Nc6 3. Bb5 a6 4. Ba4 b5 5. Bb3 Nf6 6. 0-0 Bc5 7. d3 d6 8. c3 Bg4 9. h3 Bh5 10. Nbd2 0-0 11. Re1 Re8 12. Nf1 d5 13. exd5 Nxd5 14. Ng3 Bg6 15. d4 Bb6 16. dxe5 Nde7 17. e6 Qxd1 18. exf7+ Bxf7 19. Bxf7+ Kxf7 20. Rxd1 Rad8 21. Be3 Bxe3 22. fxe3 Nd5 23. e4 Ne3 24. Rxd8 Rxd8 25. Re1 Rd1 26. Ng5+ Kg6 27. Rxd1 Nxd1 28. Ne6 Nxb2 29. Nxc7 Na4 30. Nd5 a5 31. Kf2 b4 32. cxb4 Nxb4 33. Nxb4 axb4 34. Ne2 Kf6 35. Ke3 Ke5 36. Nf4 Nc5 37. Nd3+ Nxd3 38. Kxd3 h5 39. g3 g5 40. Ke3 Ke6 41. Kd4 h4 42. g4 Kf6 43. Kd5 1-0

[Event "Medellin Feria de las Flores op"]
[Site "Medellin"]
[Date "2022.08.04"]
[Round "3"]
[White "Ortiz Lopera, Miguel Angel"]
[Black "Lopez Guarin, Simon"]
[Result "1-0"]
[WhiteElo "1812"]
[BlackElo "1555"]
[PlyCount "63"]
[EventDate "2022.08.03"]
[EventType "swiss"]
[EventRounds "9"]
[EventCountry "COL"]
[SourceTitle "CBM 209 Extra"]
[Source "ChessBase"]
[SourceDate "2022.09.30"]
[SourceVersion "1"]
[SourceVersionDate "2022.09.30"]
[SourceQuality "1"]

1. e4 c5 2. Nf3 Nc6 3. d4 cxd4 4. Nxd4 d6 5. c4 Nf6 6. Nc3 e6 7. Be2 a6 8. 0-0 Be7 9. Be3 0-0 10. Kh1 Rb8 11. Rb1 Qc7 12. f4 Rd8 13. Nf3 d5 14. cxd5 exd5 15. e5 d4 16. Nxd4 Nxd4 17. Bxd4 Bc5 18. Bxc5 Rxd1 19. Rbxd1 Ne8 20. Bd6 Nxd6 21. exd6 Qd8 22. Rd2 Bd7 23. Nd5 Qa5 24. b4 Qd8 25. Bf3 Kf8 26. Re1 Be6 27. Nc7 Bd7 28. Re7 g6 29. Bd5 Kg7 30. Rxf7+ Kh6 31. Re2 Bg4 32. Ree7 1-0

[Event "Medellin Feria de las Flores op"]
[Site "Medellin"]
[Date "2022.08.03"]
[Round "1"]
[White "Ortiz Lopera, Miguel Angel"]
[Black "Hernandez Sanchez, Jairo Andres"]
[Result "1/2-1/2"]
[WhiteElo "1812"]
[BlackElo "2381"]
[PlyCount "68"]
[EventDate "2022.08.03"]
[EventType "swiss"]
[EventRounds "9"]
[EventCountry "COL"]
[SourceTitle "CBM 209 Extra"]
[Source "ChessBase"]
[SourceDate "2022.09.30"]
[SourceVersion "1"]
[SourceVersionDate "2022.09.30"]
[SourceQuality "1"]

1. e4 c5 2. Nf3 g6 3. d4 cxd4 4. Qxd4 Nf6 5. e5 Nc6 6. Qa4 Nd5 7. Qe4 Nc7 8. c4 Bg7 9. Nc3 0-0 10. Be2 Ne6 11. 0-0 b6 12. Be3 Bb7 13. Rad1 Re8 14. Nd5 Qb8 15. Qh4 Kh8 16. Bg5 Nxe5 17. Bxe7 Bxd5 18. cxd5 Nf4 19. Qxf4 Nxf3+ 20. Qxf3 Rxe7 21. d6 Re5 22. Bd3 Qe8 23. Rc1 Rd8 24. Rc7 Qe6 25. Rxa7 Qxd6 26. Ra8 Rxa8 27. Qxa8+ Bf8 28. Bc4 Kg7 29. Qf3 Qf6 30. Qxf6+ Kxf6 31. Rd1 b5 32. Bb3 Re2 33. Kf1 Rxb2 34. Rxd7 Be7 1/2-1/2

[Event "Medellin Aristizabal Cup"]
[Site "Medellin"]
[Date "2022.07.11"]
[Round "6"]
[White "Gonzalez Zapata, Julian David"]
[Black "Ortiz Lopera, Miguel Angel"]
[Result "1/2-1/2"]
[WhiteElo "1707"]
[BlackElo "1815"]
[PlyCount "67"]
[EventDate "2022.07.08"]
[EventType "swiss"]
[EventRounds "7"]
[EventCountry "COL"]
[SourceTitle "CBM 209 Extra"]
[Source "ChessBase"]
[SourceDate "2022.09.30"]
[SourceVersion "1"]
[SourceVersionDate "2022.09.30"]
[SourceQuality "1"]

1. e4 e5 2. Nf3 Nc6 3. Bb5 a6 4. Ba4 Nf6 5. 0-0 b5 6. Bb3 Bc5 7. a4 Bb7 8. c3 d6 9. d4 Bb6 10. Bg5 h6 11. Bxf6 Qxf6 12. axb5 axb5 13. Rxa8+ Bxa8 14. Qd3 exd4 15. Qxb5 0-0 16. Bd5 Na7 17. Qb3 Bxd5 18. Qxd5 dxc3 19. Nxc3 Nc8 20. Na4 Qe6 21. Qd3 Re8 22. Re1 Ba5 23. Nc3 Nb6 24. Qb5 Bxc3 25. bxc3 Re7 26. Nd4 Qc4 27. Qc6 Re5 28. Qxc4 Nxc4 29. f3 Ra5 30. Re2 g6 31. Kf2 c5 32. Nc6 Ra3 33. Ne7+ Kf8 34. Nd5 1/2-1/2

[Event "Medellin Aristizabal Cup"]
[Site "Medellin"]
[Date "2022.07.10"]
[Round "5"]
[White "Ortiz Lopera, Miguel Angel"]
[Black "Cordoba Roa, Angel Gabriel"]
[Result "0-1"]
[WhiteElo "1815"]
[BlackElo "2106"]
[PlyCount "48"]
[EventDate "2022.07.08"]
[EventType "swiss"]
[EventRounds "7"]
[EventCountry "COL"]
[SourceTitle "CBM 209 Extra"]
[Source "ChessBase"]
[SourceDate "2022.09.30"]
[SourceVersion "1"]
[SourceVersionDate "2022.09.30"]
[SourceQuality "1"]

1. e4 c5 2. Nf3 d6 3. d4 cxd4 4. Nxd4 Nf6 5. Nc3 a6 6. h3 g6 7. Be3 Bg7 8. g4 Nc6 9. Bg2 Bd7 10. Qd2 Rc8 11. g5 Nh5 12. Bf3 Ne5 13. Bxh5 Nc4 14. Qc1 gxh5 15. Nd5 e6 16. Nb4 Nxe3 17. Qxe3 Rc4 18. c3 Bxd4 19. Qd3 Rxb4 20. cxb4 Bxb2 21. Rb1 Qxg5 22. Qc2 Be5 23. Qd2 Qg2 24. Rf1 Qxe4+ 0-1

[Event "COL-ch U18"]
[Site "Medellin"]
[Date "2022.06.04"]
[Round "6"]
[White "Giraldo Alvarez, Simon"]
[Black "Ortiz Lopera, Miguel Angel"]
[Result "0-1"]
[WhiteElo "1569"]
[BlackElo "1745"]
[PlyCount "104"]
[EventDate "2022.06.01"]
[EventType "swiss"]
[EventRounds "9"]
[EventCountry "COL"]
[SourceTitle "CBM 208 Extra"]
[Source "ChessBase"]
[SourceDate "2022.07.31"]
[SourceVersion "1"]
[SourceVersionDate "2022.07.31"]
[SourceQuality "1"]

1. e4 e5 2. Nf3 Nc6 3. Bb5 a6 4. Ba4 Nf6 5. d3 b5 6. Bb3 Bc5 7. Nc3 d6 8. Nd5 h6 9. c3 Ne7 10. Nxf6+ gxf6 11. Be3 Bxe3 12. fxe3 f5 13. exf5 Nxf5 14. e4 Nh4 15. 0-0 Be6 16. Bxe6 fxe6 17. Nxh4 Qxh4 18. Qf3 Kd7 19. Qf7+ Qe7 20. Qh5 Rh7 21. Qg6 Rah8 22. Rf3 Rg7 23. Qh5 Rhg8 24. g3 Qg5 25. Rf7+ Rxf7 26. Qxf7+ Kc6 27. Qf2 h5 28. a4 h4 29. axb5+ axb5 30. Kg2 Rg6 31. Qf8 Rg8 32. Qf2 Qh5 33. Ra6+ Kd7 34. Ra1 hxg3 35. hxg3 Rh8 36. Qf6 Qe2+ 37. Kg1 Qh2+ 38. Kf1 Qh1+ 39. Ke2 Rh2+ 40. Ke3 Qxa1 41. Qf7+ Kc6 42. Qe8+ Kb7 43. Qxb5+ Ka7 44. d4 exd4+ 45. Kf4 e5+ 46. Kf5 Rxb2 47. Qc6 Rf2+ 48. Kg6 Qxc3 49. Qa4+ Kb6 50. Kh7 Rh2+ 51. Kg6 Qxg3+ 52. Kf6 Rh6+ 0-1

[Event "COL-ch U18"]
[Site "Medellin"]
[Date "2022.06.03"]
[Round "5"]
[White "Ortiz Lopera, Miguel Angel"]
[Black "Hernandez, Jeronimo"]
[Result "0-1"]
[WhiteElo "1745"]
[BlackElo "2139"]
[PlyCount "76"]
[EventDate "2022.06.01"]
[EventType "swiss"]
[EventRounds "9"]
[EventCountry "COL"]
[SourceTitle "CBM 208 Extra"]
[Source "ChessBase"]
[SourceDate "2022.07.31"]
[SourceVersion "1"]
[SourceVersionDate "2022.07.31"]
[SourceQuality "1"]

1. e4 c6 2. d4 d5 3. exd5 cxd5 4. Bd3 Nc6 5. c3 Nf6 6. h3 e5 7. dxe5 Nxe5 8. Nf3 Nxd3+ 9. Qxd3 Bd6 10. Be3 0-0 11. 0-0 Re8 12. Nbd2 Be6 13. Rfe1 Qd7 14. Bd4 Bf5 15. Qf1 Ne4 16. Nxe4 Rxe4 17. Rxe4 dxe4 18. Nd2 Bc7 19. Re1 Qd6 20. g3 Qh6 21. Nxe4 Bxh3 22. Qc4 Bb6 23. Bxb6 axb6 24. Qd5 Qc6 25. Qxc6 bxc6 26. a3 h6 27. Nd6 Be6 28. f4 Rd8 29. Rd1 Kf8 30. Rd2 Ke7 31. Ne4 Bd5 32. Nf2 g5 33. Ng4 gxf4 34. Nxh6 Rh8 35. Rh2 fxg3 36. Nf5+ Kf6 37. Nxg3 Rxh2 38. Kxh2 Ke5 0-1

[Event "COL-ch U18"]
[Site "Medellin"]
[Date "2022.06.01"]
[Round "1"]
[White "Ortiz Lopera, Miguel Angel"]
[Black "Palomeque Parra, Yuvinson"]
[Result "1-0"]
[WhiteElo "1745"]
[BlackElo "1522"]
[PlyCount "87"]
[EventDate "2022.06.01"]
[EventType "swiss"]
[EventRounds "9"]
[EventCountry "COL"]
[SourceTitle "CBM 208 Extra"]
[Source "ChessBase"]
[SourceDate "2022.07.31"]
[SourceVersion "1"]
[SourceVersionDate "2022.07.31"]
[SourceQuality "1"]

1. e4 e5 2. Nf3 Nc6 3. Bc4 h6 4. d4 exd4 5. Nxd4 Nxd4 6. Qxd4 Nf6 7. Nc3 d6 8. 0-0 Be7 9. f4 0-0 10. f5 b6 11. Rf3 d5 12. Bxd5 Bc5 13. Qxc5 bxc5 14. Bxa8 Qd4+ 15. Be3 Qb4 16. Rb1 Bb7 17. a3 Qb6 18. Bxb7 Qxb7 19. Bxc5 Re8 20. b4 Nxe4 21. Re1 Qc6 22. Rfe3 Nxc5 23. Rxe8+ Kh7 24. bxc5 Qxc5+ 25. R8e3 Qxf5 26. Ne4 Qb5 27. Ng3 Qc5 28. R1e2 f5 29. Kf1 f4 30. Ne4 Qh5 31. Rh3 Qb5 32. Rb3 Qe5 33. Kf2 g5 34. h3 Qd4+ 35. Kf3 a5 36. Rd3 Qc4 37. Rc3 Qa2 38. Rxc7+ Kg6 39. Rc6+ Kh7 40. Nxg5+ Kg7 41. Re7+ Kf8 42. Rf7+ Qxf7 43. Nxf7 Kxf7 44. Rd6 1-0

[Event "Medellin U2000 op"]
[Site "Medellin"]
[Date "2022.05.22"]
[Round "7"]
[White "Ortiz Lopera, Miguel Angel"]
[Black "Gomez Rondon, Samuel"]
[Result "1/2-1/2"]
[WhiteElo "1651"]
[BlackElo "1676"]
[PlyCount "97"]
[EventDate "2022.05.18"]
[EventType "swiss"]
[EventRounds "7"]
[EventCountry "COL"]
[SourceTitle "CBM 208 Extra"]
[Source "ChessBase"]
[SourceDate "2022.07.31"]
[SourceVersion "1"]
[SourceVersionDate "2022.07.31"]
[SourceQuality "1"]

1. e4 c5 2. Nf3 Nc6 3. d4 cxd4 4. Nxd4 Nf6 5. Nc3 g6 6. Be3 Bg7 7. f3 0-0 8. Qd2 d5 9. exd5 Nxd5 10. Nxc6 bxc6 11. Bd4 e5 12. Bc5 Re8 13. Ne4 Bf8 14. Bxf8 Rxf8 15. c4 Nf4 16. Qc3 f5 17. Rd1 Qe7 18. Nd6 Rd8 19. c5 Qf6 20. Bc4+ Be6 21. 0-0 Bxc4 22. Qxc4+ Qe6 23. Qa6 Rab8 24. b3 Rb4 25. Nc4 Rd4 26. Rfe1 Qd5 27. Qc8+ Kg7 28. Qc7+ Kh6 29. Qd6 Nd3 30. Rxe5 Qxe5 31. Qxe5 Nxe5 32. Rxd4 Nxc4 33. Rxc4 Rxc4 34. bxc4 g5 35. Kf2 Kg6 36. Ke3 Kf6 37. Kd4 Ke6 38. g3 h6 39. f4 g4 40. Kc3 Kd7 41. Kb4 Kc7 42. Ka5 Kb7 43. a3 h5 44. a4 a6 45. Kb4 Kc7 46. Kc3 Kd7 47. Kd4 Ke6 48. Kc3 a5 49. Kd4 1/2-1/2

[Event "COL-ch U16"]
[Site "Villavicencio"]
[Date "2022.05.13"]
[Round "5"]
[White "Bolanos Lopez, Juan Jacobo"]
[Black "Ortiz Lopera, Miguel Angel"]
[Result "1-0"]
[WhiteElo "1701"]
[BlackElo "1651"]
[PlyCount "107"]
[EventDate "2022.05.11"]
[EventType "swiss"]
[EventRounds "9"]
[EventCountry "COL"]
[SourceTitle "CBM 208 Extra"]
[Source "ChessBase"]
[SourceDate "2022.07.31"]
[SourceVersion "1"]
[SourceVersionDate "2022.07.31"]
[SourceQuality "1"]

1. e4 e5 2. Nf3 Nc6 3. Bb5 a6 4. Ba4 Nf6 5. 0-0 b5 6. Bb3 Bc5 7. c3 d6 8. a4 Rb8 9. d4 Bb6 10. a5 Ba7 11. Be3 Bg4 12. d5 Bxe3 13. fxe3 Ne7 14. h3 Bh5 15. Nbd2 0-0 16. Qc2 Nd7 17. g4 Bg6 18. Rf2 h6 19. Nf1 Nc5 20. Ng3 c6 21. dxc6 Nxc6 22. Bd5 Ne7 23. Qd2 Qd7 24. Raf1 Nxd5 25. Qxd5 Qe6 26. Rd2 Qxd5 27. Rxd5 Rbd8 28. Nxe5 Nxe4 29. Nxg6 Nxg3 30. Ne7+ Kh7 31. Rf3 Ne4 32. Nc6 Ra8 33. Rf4 Ng5 34. Kg2 f6 35. Rxd6 Rfe8 36. h4 Ne4 37. Rd5 Re6 38. Nd4 Rd6 39. Rxd6 Nxd6 40. Nf5 Nc4 41. Re4 Ra7 42. b4 Kg6 43. Re7 Rxe7 44. Nxe7+ Kf7 45. Nd5 Ke6 46. Nc7+ Kd6 47. Nxa6 Nxe3+ 48. Kf3 Nc4 49. Nc5 Kd5 50. a6 Nb6 51. a7 Kc4 52. Ne6 Kxc3 53. Nc7 Kxb4 54. Nd5+ 1-0